00991nab a22002177a 4500999001500000003000400015005001700019008004100036040000700077100003300084245008300117300001300200505025700213505007200470650002900542650002400571650003900595650002300634773010300657942001300760 c5842d5842OSt20260108015613.0190514b xxu||||| |||| 00| 0 spa d cPJ 96742aPolverini, Verónica 13aLa vacuna en crisis : bde las odas a la desconfianza /cVerónica Polverini. ap. 79-86 aSumario: I. Introducción.— II. Breve historia de la vacunación.— III. Las leyes de vacunación obligatoria.— IV. La vacunación en la República Argentina.— V. El fallo de la Corte Suprema de Justicia de la Nación.— VI. Conclusión. tSi te interesa el texto, comunicate a koha@justierradelfuego.gov.ar 091253aDERECHO A LA SALUD 094514aSALUD PUBLICA 094515aPREVENCIÓN DE ENFERMEDADES 094516aVACUNACIÓN0 0284493222dBuenos Aires : AbeledoPerrot, 1989-tDerecho de familia. N° 119 - Mayo 2025z18511201 2udccANA